000 00641cam a22002054a 4500
020 _a0072469749 (alk. paper)
020 _a0071151036 (international : alk. paper)
020 _a0072469854 (CDROM)
050 0 0 _aHG 4026
_b.R67 2003
100 1 _aRoss, Stephen A.
245 1 0 _aFundamentals of corporate finance /
_cStephen A. Ross, Randolph W. Westerfield, Bradford D. Jordan.
250 _a6th standard ed.
260 _aBoston, Mass. :
_bMcGraw-Hill,
_cc2003.
300 _a776, 45 p. :
500 _aIncludes index.
650 0 _xFinance.
700 1 _aWesterfield, Randolph.
700 1 _aJordan, Bradford D.
942 _2lcc
_cGEN
999 _c9358
_d9358